| 000 | 00000nam 2200000zi 4500 |
| 001 | 9.561908 |
| 003 | CaOODSP |
| 005 | 20241203113633 |
| 007 | cr ||||||||||| |
| 008 | 150406s2007 onc o f000 0 eng d |
| 020 | |a9780662457497 |
| 040 | |aCaOODSP|beng |
| 043 | |an-cn--- |
| 086 | 1 |aEn3-4/20-2007E-PDF |
| 100 | 1 |aDoggett, Crystal L., |eauthor. |
| 245 | 10|aRecovery strategy for the Boreal Felt Lichen (Erioderma pedicellatum), Atlantic Population, in Canada / |cby Crystal L. Doggett from the Mersey Tobeatic Research Institute. |
| 264 | 1|bEnvironment Canada, |cMay 2007. |
| 300 | |a1 online resource (43 pages) : |bcoloured maps, references, tables. |
| 336 | |atext|btxt|2rdacontent |
| 337 | |acomputer|bc|2rdamedia |
| 338 | |aonline resource|bcr|2rdacarrier |
| 490 | 1 |aSpecies at Risk Act recovery strategy series |
| 590 | |a07-27|b2007-07-06 |
| 690 | 07|aEndangered species|2gcpds |
| 710 | 1 |aCanada. |bEnvironment Canada, |eissuing body. |
| 710 | 2 |aMersey Tobeatic Research Institute, |econsultant. |
| 775 | 08|tProgramme de rétablissement de l'érioderme boréal (Erioderma pedicellatum), population de l'Atlantique, au Canada |w(CaOODSP)9.594456 |
| 794 | |tAmended recovery strategy for the Boreal Felt Lichen (Erioderma pedicellatum), Atlantic population, in Canada.|b2020|w(CaOODSP)9.893125 |
| 830 | #0|aSpecies at Risk Act recovery strategy series.|w(CaOODSP)9.505071 |
| 856 | 40|qPDF|s1499 KB|uhttps://publications.gc.ca/collections/collection_2007/ec/En3-4-20-2007E.pdf |